UZAY DOLMUŞU KALKIYOR (Kayıt no. 1108590)

MARC ayrıntıları
000 -LEADER
sabit uzunluktaki kontrol alanı 00248nam a2200097Ia 4500
001 - KONTROL NUMARASI
kontrol alanı 1108590
005 - EN SON İŞLEMİN TARİH VE ZAMANI
kontrol alanı 20250827003519.0
008 - SABİT-UZUNLUKTA VERİ ÖĞELERİ--GENEL BİLGİ
sabit uzunluktaki kontrol alanı 250824s9999 xx 000 0 und d
245 #0 - ESER / YAZAR
ESER ADI UZAY DOLMUŞU KALKIYOR
Yazar Adı MUZAFFER İZGÜ
260 ## - YAYIN, DAĞITIM, VB.
YAYIN EVİ BİLGİ ÇOCUK
Mevcut
Düşüm durumu Kayıp durumu Hasar Durumu Ödünç verilmez Ana kütüphane Geçerli Kütüphane Edinilen tarih Toplam ödünç verme sayısı Barkod Son görüntüleme tarihi Fiyatın geçerli olmaya başladığı tarih Koha materyal türü
        SEYİT ULUGÜLYAĞCI İMAM HATİP ORTAOKULU-1 SEYİT ULUGÜLYAĞCI İMAM HATİP ORTAOKULU-1 24.08.2025   10787020 27.08.2025 27.08.2025 Kitaplar
Gemini Bilgi Teknolojileri A.Ş. tarafından düzenlenmiştir.